00643nam a2200229 a 4500001001300000003000900013005001700022008004100039020001000080082001600090100002200106245004000128260003200168300000900200500003500209650002100244700002200265902000800287942000700295952009600302999001500398nice12345678IN_TiNIC20260116011553.0050524s1924 lona grp 000 0 eng  ac10000a953.8bBUR2 aBurton, Richard F aPilgrimage to Al-Madinah and Meccah aLondon bNo Publisherc1924 a436p aincludes index and biblioraphy aMecca and Madina1 aBurton, Richard F bSRS cBK 00104070aHMIbHMId2007-04-03g100.00l0o953.8 BUR2p1028r2007-04-03w2026-01-16yARB c2670d2670